• 首页
  • 本馆介绍
  • 公告通知
  • 最新文献
  • 馆藏检索
  • 电子资源
  • 读者导购
  • 参考咨询
  • 我的图书馆
  • 登录
  • 详细信息显示
  • 放入我的书架
  • 预约/预借图书
  • 作者相关作品
  • 分类相关作品
  • 丛书相关作品
  • 出版社相关作品

书目信息

  • 表格格式
  • 工作单格式
  • 卡片格式
题名:
线损的理论计算和降损的技术措施
    
 
作者: ;浙江大学发电教研组 , 南京供电局 编
分册:  
出版信息: 北京   电力工业出版社  1980
页数: 104页
开本: 19cm
丛书名:
单 册:
中图分类: TM714 , TM7
科图分类:
主题词: 电力系统-线损计算 , 线损计算-电力系统 , 输电--电力工程 , 配电系统--电力工程 , 电力系统
电子资源:
ISBN:
000 00937nam0 2200313 45
001 0180006292
005 20040521085924.4
010    @dCNY0.33
091    @a15036.4030
100    @a19950428d1980 em y0chiy0121 ea
101 0  @achi
102    @aCN@b110000
105    @ay z 000yy
106    @ar
200 10 @a线损的理论计算和降损的技术措施@Axian sun de li lun ji suan he jiang sun de ji shu cuo shi@f浙江大学发电教研组,南京供电局编
210    @a北京@c电力工业出版社@d1980
215    @a104页@d19cm
606    @a电力系统-线损计算
606    @a线损计算-电力系统
606 0  @a输电@x电力工程
606 0  @a配电系统@x电力工程
606 0  @a电力系统
690    @aTM714@v3
690    @aTM7
711 02 @a浙江大学发电教研组@Azhe jiang da xue fa dian jiao yan zu@4编
711 02 @a南京供电局@Anan jing gong dian ju@4编
801  0 @aCN@b上海图书馆@c20040521
801  2 @aCN@bNLC@c20040521
905    @f4@b118259-262@dTM7@e11
    
    线损的理论计算和降损的技术措施/浙江大学发电教研组,南京供电局编.-北京:电力工业出版社,1980
    104页;19cm
    
    
    ISBN :CNY0.33
    
●
相关链接 在E读中查询图书 在五车中查询图书 在当当中查询图书 在豆瓣中查询图书


正题名:线损的理论计算和降损的技术措施     索取号:TM7/11         预约/预借

序号 登录号 条形码 馆藏地/架位号 状态 备注
1 0118259   001345912   第三借阅区/ [索取号:TM7/11] 在馆    
2 0118260   001345903   密集书库/ [索取号:TM7/11] 在馆    
3 0118261   001345869   密集书库/ [索取号:TM7/11] 在馆    
4 0118262   001345887   密集书库/ [索取号:TM7/11] 在馆    
5 0118263   001345878   第二样本阅览室/ [索取号:TM7/11] 在馆    
唐山师范学院图书馆 欢迎您!
大连网信软件有限公司© 版权所有